000 01101nam a2200229Ia 4500
999 _c52531
_d52531
001 19555
003 GE_BSU
005 20200304233628.0
008 181216s1966||||ge |||||||||||||| ||geo||
040 _cGE_BSU
041 _ageo
080 _a811.353.1'282 ი-50
100 _aიმნაიშვილი , გრ.
_97689
245 _aქართული ენის ინგილოური დიალექტის თავისებურებანი : Осебенности ингилойского наречия грузинского языка /
_cგრ. იმნაიშვილი ; რედ. ა. კიზირია.
264 _aთბილისი :
_bმეცნიერება,
_c1966.
300 _a215 გვ. ;
_c22 სმ.
541 _h1ლ.88თ.
653 _aქართული ენა
653 _aქართული ენის ინგილოური დიალექტის თავისებურებანი
700 _aკიზირია, ა.
_eრედაქტორი
_97690
942 _cBK
_2udc